[Event "GER-chT North U12"]
[Site "Magdeburg"]
[Date "2013.09.12"]
[Round "2.2"]
[White "Oehne, Nico"]
[Black "Brunner, Sophia"]
[Result "0-1"]
[WhiteElo "979"]
[BlackElo "1325"]
[PlyCount "54"]
[EventDate "2013.09.12"]
[EventType "team-swiss"]
[EventRounds "7"]
[EventCountry "GER"]
[SourceTitle "EXT 2014"]
[Source "ChessBase"]
[SourceDate "2013.11.20"]
[SourceVersion "1"]
[SourceVersionDate "2013.11.20"]
[SourceQuality "1"]
[WhiteTeam "Nordhorn Blanke"]
[BlackTeam "Hagen"]
[WhiteTeamCountry "GER"]
[BlackTeamCountry "GER"]

1. f4 d5 2. Nf3 Nc6 3. e3 Bg4 4. Be2 Nf6 5. b3 e6 6. Bb2 Bd6 7. 0-0 0-0 8. Nc3 Re8 9. Nb5 Be7 10. Ne5 Bxe2 11. Qxe2 Nb8 12. Rf3 a6 13. Na3 Nbd7 14. Nxd7 Qxd7 15. c4 Rad8 16. Rd1 c6 17. Qd3 Bxa3 18. Bxa3 dxc4 19. Qxd7 Rxd7 20. bxc4 Rd3 21. Bb2 Ne4 22. Bd4 Rxd2 23. Rxd2 Nxd2 24. Rg3 f6 25. c5 e5 26. fxe5 fxe5 27. Bb2 Ne4 0-1